| 000 | nam a22 a 4500 | ||
|---|---|---|---|
| 999 |
_c694 _d694 |
||
| 003 | AKMAL | ||
| 005 | 20170504161004.0 | ||
| 008 | 170504s2007 my | e | o000 0 eng d | ||
| 020 |
_a9789834226688 (pbk.) : _cRM25.00 |
||
| 040 | _aAKMAL | ||
| 082 | 0 | 4 | _a174.4 TOW |
| 090 | 0 | 0 |
_a174.4 _bTOW |
| 245 | 0 | 0 |
_aTowards enhancing corporate integrity and business ethics : _ba practical guide for Malaysian companies / _cedited by Mohd Nizam Mohd Ali, Syed Abdul Hamid alJunid, Noor Yuslinda Mohd Yusof |
| 246 | _aBusiness ethics : towards enhancing corporate integrity and business ethics | ||
| 260 |
_aKuala Lumpur : _bInstitut Integriti Malaysia, _c2007 |
||
| 300 |
_a172p. ; _c21cm. |
||
| 650 | 1 | 0 |
_aBusiness ethics _91432 |
| 650 | 2 | 0 |
_aIntegrity _9471 |
| 700 | 0 |
_aMohd. Nizam Mohd. Ali _91490 |
|
| 700 | 0 |
_aSyed Abdul Hamid Aljunid _91493 |
|
| 942 |
_2ddc _cBOOK |
||